|
|
|
|
| LEADER |
00000nam0a2200000 4500 |
| 001 |
129680 |
| 005 |
20260113142148.0 |
| 035 |
|
|
|a (RuTPU)RU\TPU\book\140368
|
| 090 |
|
|
|a 129680
|
| 100 |
|
|
|a 20080127d1982 m y0rusy5003 ca
|
| 101 |
1 |
|
|a rus
|c eng
|
| 102 |
|
|
|a RU
|
| 105 |
|
|
|a a z 000ay
|
| 200 |
1 |
|
|a Приключения Тома Сойера; Приключения Гекльберри Финна
|e Повести
|f М. Твен
|g пер. с англ. Н. Л. Дарузес ; авт. предисл. М. О. Мендельсон ; худож. В. Н. Горяев
|
| 210 |
|
|
|a Москва
|c Правда
|d 1982
|
| 215 |
|
|
|a 528 с.
|c ил.
|d 20 см
|
| 606 |
|
|
|a Американская литература (англо-язычная литература)
|9 52349
|
| 610 |
1 |
|
|a художественная литература
|
| 610 |
1 |
|
|a повести
|
| 610 |
1 |
|
|a проза
|
| 610 |
1 |
|
|a детская литература
|
| 675 |
|
|
|a 82
|
| 700 |
|
1 |
|a Твен
|b М.
|c американский писатель
|c настоящие имя и фамилия Самюэл Ленгхорн Клеменс
|f 1835-1910
|g Марк
|3 (RuTPU)RU\TPU\pers\15890
|9 5545
|
| 702 |
|
1 |
|a Дарузес
|b Н. Л.
|4 730
|
| 702 |
|
1 |
|a Мендельсон
|b М. О.
|4 080
|
| 702 |
|
1 |
|a Горяев
|b В. Н.
|4 440
|
| 801 |
|
0 |
|a RU
|b RuMRKP
|c 19950704
|g psbo
|
| 801 |
|
1 |
|a RU
|b 63413507
|c 20080127
|g PSBO
|
| 801 |
|
2 |
|a RU
|b 63413507
|c 20080127
|g PSBO
|
| 942 |
|
|
|c BK
|